| 000 | 00963cab a2200325 4500 | ||
|---|---|---|---|
| 001 | X1207 | ||
| 008 | 090401t1993 xxu||||| |||| 00| 0 eng d | ||
| 035 | _a(Sirsi) u15479 | ||
| 041 | _aeng | ||
| 100 | _aJenkins, W.H. | ||
| 245 | _aRating in Northern Ireland - the last stronghold | ||
| 260 | _c1993 | ||
| 350 | _a0 | ||
| 490 |
_aThe Impugner (RICS Rating Diploma Holders` Section) _vApril 1993 (5) |
||
| 650 | _aPROPERTY-RURAL AND NATURAL ASSETS-AGRICULTURAL PROPERTY-AGRICULTURAL LAND | ||
| 650 | _aCONTIGUITY | ||
| 650 | _aHISTORY | ||
| 650 | _aLAWRENCE REPORT | ||
| 650 | _aNORTHERN IRELAND | ||
| 650 | _aPOOR RELIEF (IRELAND) ACT 1838 | ||
| 650 | _aRATES (NORTHERN IRELAND) ORDER 1972 | ||
| 650 | _aRATES AMENDMENT (NORTHERN IRELAND) ORDER 1979 | ||
| 650 | _aRATING | ||
| 650 | _aRICHARD GRIFFITH | ||
| 650 | _aVALUATION LIST | ||
| 650 |
_aValuation _96273 |
||
| 690 | _aRATING AND VALUATION | ||
| 942 | _n0 | ||
| 948 | _c04/03/1997 | ||
| 999 |
_c10157 _d10157 |
||